000 00650nam a2200193Ia 4500
001 1271
003 GE_BSU
008 181216s||||||||xx |||||||||||||| ||und||
040 _cGE_BSU
080 _a581.625.42(075.8)+682.5/9(075/8)+630.1
100 _aმირზაშვილი, ვ,ი.
245 _aდენდროლოგია. ნ.1.შიშველთესლიანები.
260 _aთბილისი.
260 _bუნივერსიტეტის გამომცემლობა.
300 _a232გვ. 22სმ.
541 _h10 ლ.
653 _aდენდროლოგია.
942 _cBK
999 _c35416
_d35416